| 000 | 00394nam a22000857a 4500 | ||
|---|---|---|---|
| 008 | 110914t ag ||||| |||| 00| 0 spa d | ||
| 245 | _aAtención ambulatoria del niño, Contenidos pediátricos, Módulo III | ||
| 260 |
_aNeuquén _bDirección General de Atención de la Salud; Ministerio de Salud Pública de Neuquén _c1990 |
||
| 999 |
_c978 _d978 |
||
| 952 |
_zFotocopia _70 _pTR129 _cCR _40 _00 _2ddc _92702 _bBFM _yBK _10 _d2011-09-14 _aBFM |
||